| 000 | 00543nam a22001697a 4500 | ||
|---|---|---|---|
| 999 |
_c130342 _d130342 |
||
| 008 | 200211b ||||| |||| 00| 0 eng d | ||
| 020 | _a9781727879643 | ||
| 050 | _aDT636.5.P463 2018 | ||
| 100 |
_aPerry, Isaac E. _949486 |
||
| 245 |
_aThe political economy of Liberia and public policy _cIsaac E. Perry, Jr. |
||
| 260 |
_aNew York _bCreate Space _c2018 |
||
| 300 |
_a298p. ; _c28cm. |
||
| 651 |
_aLiberia _xPolitics _949487 |
||
| 651 |
_aLiberia _xEconomic conditions _949488 |
||
| 651 |
_aLiberia _xHistory _943162 |
||
| 942 |
_2lcc _cMONOGRAPH |
||